| 000 | 00674nam a2200217Ia 4500 | ||
|---|---|---|---|
| 003 | GCL | ||
| 005 | 20240530105049.0 | ||
| 008 | 140319s9999 xx 000 0 ara d | ||
| 020 | _a9771470051 | ||
| 040 |
_aGCL / _cGCL |
||
| 082 | 0 | 4 |
_a962.065 _bق/ج ح |
| 100 | 1 | _aجمال حماد | |
| 245 | 1 | 0 |
_aالحكومة الخفية فى عهد عبدالناصر / _cجمال حماد |
| 250 | _aط4 | ||
| 260 |
_aالقاهرة : _bالزهراء للاعلام العربى ، _c1991 |
||
| 300 |
_a271 ص؛ _c24 سم |
||
| 650 | 0 | 4 |
_aمصر _xتاريخ |
| 650 | 0 | 4 |
_aالقيادة العسكرية _xمصر |
| 650 | 0 | 4 | _aجمال عبدالناصر |
| 942 |
_2ddc _cBK |
||
| 999 |
_c52869 _d52869 |
||